[Event "European zonal 2"]
[Site "Helsinki FIN"]
[Date "1972.??.??"]
[Round "12"]
[White "Matanovic, Aleksandar"]
[Black "Schmidt, Wlodzimierz"]
[Result "1-0"]
[WhiteElo "2515"]
[BlackElo "2450"]
[EventDate "1972.07.25"]
[PlyCount "99"]

1.e4 c5 2.Nf3 e6 3.d4 cxd4 4.Nxd4 Nc6 5.Nc3 a6 6.Be2 Qc7 7.O-O Nf6 8.Kh1 
d6 9.f4 Be7 10.Be3 Bd7 11.a4 Rc8 12.Nb3 Nb4 13.a5 Bc6 14.Qd2 e5 15.Bf3 O-O
16.Rad1 Qb8 17.Rf2 Rfd8 18.Bb6 Re8 19.fxe5 dxe5 20.Qe3 Bd7 21.Rfd2 Be6 22.
Nc5 Bg4 23.N3a4 Bxf3 24.Qxf3 Nc6 25.Nd7 Nxd7 26.Rxd7 Nd4 27.Bxd4 exd4 28.
Rf1 Qe5 29.Nb6 Rcd8 30.Qxf7+ Kh8 31.Nc4 Qg5 32.Rd5 Qh4 33.Rxd8 Rxd8 34.e5 
h6 35.Qg6 Rf8 36.Rxf8+ Bxf8 37.g3 Qh3 38.Qf7 Be7 39.Qf3 h5 40.Nd2 Bb4 41.
Ne4 Be7 42.Kg1 Kg8 43.Nf2 Qc8 44.Qxh5 Qxc2 45.Qe8+ Bf8 46.e6 Qc1+ 47.Kg2 
Qc5 48.Qf7+ Kh8 49.Qxb7 d3 50.Nxd3 1-0

[Event "European zonal 2"]
[Site "Helsinki FIN"]
[Date "1972.??.??"]
[Round "12"]
[White "Matulovic, Milan"]
[Black "Jakobsen, Ole"]
[Result "1-0"]
[WhiteElo "2525"]
[BlackElo "2310"]
[EventDate "1972.07.25"]
[PlyCount "95"]

1.e4 c5 2.Nf3 e6 3.d4 cxd4 4.Nxd4 Nc6 5.Nb5 d6 6.c4 Nf6 7.N1c3 a6 8.Na3 
Be7 9.Be2 O-O 10.O-O b6 11.Be3 Bd7 12.Qd2 Qb8 13.f3 Ra7 14.Rfd1 Rd8 15.Qe1
Rb7 16.Kh1 Ne5 17.Qf1 Bc6 18.Nc2 Be8 19.a4 a5 20.f4 Nc6 21.Bf3 Rc7 22.Nb5 
Rcc8 23.Ncd4 Nxd4 24.Nxd4 g6 25.f5 e5 26.Nb5 Bc6 27.Bg5 Kg7 28.Ra3 Bxb5 
29.axb5 Qc7 30.Rc3 h6 31.Bc1 g5 32.Qe1 Rh8 33.h3 Rcg8 34.Be3 Qb7 35.Qf2 
Rb8 36.g3 Nd7 37.Rcd3 h5 38.Bg2 f6 39.Rxd6 Bxd6 40.Rxd6 Rbc8 41.Qd2 Rc7 
42.c5 Nxc5 43.Bxg5 Nxe4 44.Bxf6+ Kh7 45.Bxh8 Nxd2 46.Bxb7 Nc4 47.Rd8 Rxb7 
48.Bf6 1-0

[Event "European zonal 2"]
[Site "Helsinki FIN"]
[Date "1972.??.??"]
[Round "12"]
[White "Radulov, Ivan"]
[Black "Andersson, Ulf"]
[Result "1-0"]
[WhiteElo "2490"]
[BlackElo "2510"]
[EventDate "1972.07.25"]
[PlyCount "83"]

1.e4 g6 2.d4 d6 3.Nc3 Bg7 4.f4 c6 5.Nf3 Bg4 6.Be3 Qb6 7.Qd2 Nf6 8.O-O-O 
Qa5 9.Bd3 b5 10.Kb1 b4 11.Ne2 Nbd7 12.Rhf1 Rb8 13.f5 gxf5 14.exf5 Nb6 15.
Ka1 Nbd5 16.Bg5 h6 17.Bh4 h5 18.Bg5 Nh7 19.Bh4 Bf6 20.Bxf6 Nhxf6 21.Rb1 
Rg8 22.Ng5 Bxe2 23.Bxe2 h4 24.Bc4 Rg7 25.Rbe1 Kd7 26.Nf3 Rh8 27.Re2 Qd8 
28.Rfe1 a5 29.Bxd5 Nxd5 30.Re4 Qg8 31.R1e2 Rg4 32.c4 bxc3 33.bxc3 e6 34.h3
Rg3 35.c4 Nc7 36.c5 dxc5 37.Ne5+ Kc8 38.dxc5 Qd8 39.Qxd8+ Rxd8 40.Nxf7 Rd5
41.Nd6+ Kd8 42.fxe6 1-0

[Event "European zonal 2"]
[Site "Helsinki FIN"]
[Date "1972.??.??"]
[Round "12"]
[White "Ribli, Zoltan"]
[Black "Ogaard, Leif"]
[Result "1/2-1/2"]
[WhiteElo "2505"]
[BlackElo "2340"]
[EventDate "1972.07.25"]
[PlyCount "81"]

1.Nf3 Nf6 2.c4 e6 3.g3 b6 4.Bg2 Bb7 5.Nc3 c5 6.O-O Be7 7.d4 cxd4 8.Qxd4 
Nc6 9.Qf4 Qb8 10.Rd1 d6 11.b3 O-O 12.Bb2 Rd8 13.Rd2 a6 14.e4 Ra7 15.Qe3 
Ba8 16.Nd4 Nxd4 17.Qxd4 Rc7 18.a4 Bc6 19.Rad1 Rcc8 20.Qe3 Nd7 21.Nd5 Bf8 
22.Nb4 Bb7 23.Nd3 Nc5 24.Nxc5 bxc5 25.Rd3 Bc6 26.e5 Bxg2 27.Kxg2 dxe5 28.
Bxe5 Qb6 29.h4 Rxd3 30.Qxd3 f6 31.Bf4 Be7 32.Qd7 Qc6+ 33.Qxc6 Rxc6 34.Rd7 
Kf7 35.Rb7 e5 36.Be3 h5 37.Kf3 Ke6 38.Ke2 g6 39.Kd3 Rd6+ 40.Kc2 Rc6 41.Kd3
1/2-1/2

[Event "European zonal 2"]
[Site "Helsinki FIN"]
[Date "1972.??.??"]
[Round "12"]
[White "Saren, Ilkka"]
[Black "Torvaldsson, Jonas"]
[Result "1-0"]
[WhiteElo "2200"]
[BlackElo "2390"]
[EventDate "1972.07.25"]
[PlyCount "123"]

1.e4 Nf6 2.e5 Nd5 3.d4 d6 4.Nf3 Bf5 5.Bd3 Bxd3 6.Qxd3 e6 7.O-O dxe5 8.dxe5
Nc6 9.Rd1 Be7 10.Qe2 Qc8 11.c4 Nb6 12.b3 O-O 13.Bb2 Rd8 14.Nc3 Rxd1+ 15.
Rxd1 Qf8 16.h4 Rd8 17.h5 h6 18.Kf1 Rxd1+ 19.Qxd1 Qd8 20.Qxd8+ Bxd8 21.Ke2 
Be7 22.Ne4 Nd7 23.a3 a5 24.g4 Nc5 25.Nfd2 g5 26.Ke3 Kf8 27.f3 b6 28.Nxc5 
Bxc5+ 29.Ke4 Be7 30.Nb1 Nb8 31.Bc1 Nd7 32.Be3 Bc5 33.Bd2 Be7 34.b4 axb4 
35.axb4 f6 36.exf6 Nxf6+ 37.Kd4 Nd7 38.Ke4 Kf7 39.f4 Nf6+ 40.Kf3 Nh7 41.b5
Bf6 42.Ke4 Ke7 43.Na3 gxf4 44.Bxf4 Ng5+ 45.Kd3 Kd7 46.Nc2 Nf7 47.Ne1 e5 
48.Bc1 Ke6 49.Ba3 e4+ 50.Kxe4 Ne5 51.Nd3 Nxg4 52.Nf4+ Kf7 53.Nd5 Bd8 54.
Kf5 Nf2 55.Bc1 Kg7 56.Nf4 Kf7 57.Ne6 Bf6 58.Nxc7 Bg5 59.Bxg5 hxg5 60.Nd5 
g4 61.Kf4 Nd3+ 62.Kg3 1-0

[Event "European zonal 2"]
[Site "Helsinki FIN"]
[Date "1972.??.??"]
[Round "13"]
[White "Andersson, Ulf"]
[Black "Hecht, Hans-Joachim"]
[Result "1/2-1/2"]
[WhiteElo "2510"]
[BlackElo "2485"]
[EventDate "1972.07.25"]
[PlyCount "77"]

1.Nf3 e6 2.c4 Nf6 3.g3 b6 4.Bg2 Bb7 5.O-O Be7 6.b3 O-O 7.Bb2 c5 8.e3 d6 9.
Nc3 Nbd7 10.Qc2 a6 11.d4 cxd4 12.Nxd4 Bxg2 13.Kxg2 Qc7 14.Qe2 Ne5 15.Rfd1 
Nc6 16.Rac1 Nxd4 17.Rxd4 Qb7+ 18.Qf3 Qb8 19.Ne4 Nxe4 20.Qxe4 Bf6 21.Rd2 
Bxb2 22.Rxb2 Qc7 23.Rd1 Rad8 24.Rbd2 Rd7 25.h4 Qc5 26.Rd4 b5 27.Qd3 Rfd8 
28.e4 h6 29.Rd2 bxc4 30.Rxc4 Qb6 31.Qc3 d5 32.Rcd4 Qb7 33.exd5 Rxd5 34.
Rxd5 Rxd5 35.Qf3 Qc6 36.Qe4 g6 37.Rxd5 exd5 38.Qd4 Qc2 39.Qxd5 1/2-1/2

[Event "European zonal 2"]
[Site "Helsinki FIN"]
[Date "1972.??.??"]
[Round "13"]
[White "Hennings, Artur"]
[Black "Gheorghiu, Florin"]
[Result "0-1"]
[WhiteElo "2475"]
[BlackElo "2520"]
[EventDate "1972.07.25"]
[PlyCount "109"]

1.e4 c5 2.Nf3 Nc6 3.d4 cxd4 4.Nxd4 Nf6 5.Nc3 d6 6.Bc4 Qb6 7.Nb3 e6 8.O-O 
Be7 9.a4 O-O 10.Be2 Na5 11.Be3 Qd8 12.Nxa5 Qxa5 13.Qe1 Kh8 14.Nb5 Qxe1 15.
Rfxe1 a6 16.Nc3 Bd7 17.Red1 Bc6 18.f3 h6 19.Rd2 Rac8 20.Bd4 Kg8 21.a5 d5 
22.e5 Nd7 23.f4 f6 24.Bg4 f5 25.Bh5 Nc5 26.Rf1 Kh7 27.Be2 g5 28.fxg5 hxg5 
29.g4 Ne4 30.Nxe4 dxe4 31.gxf5 exf5 32.Bb6 Kg6 33.Rfd1 g4 34.Bc4 Kg5 35.
Be6 Rce8 36.Bd7 f4 37.Rg2 Bxd7 38.Rxd7 e3 39.e6 Kf5 40.c4 Kxe6 41.Rd3 Kf5 
42.Rd5+ Ke4 43.Rd4+ Kf3 44.Rd1 Bh4 45.Rf1+ Bf2+ 46.Rgxf2+ exf2+ 47.Bxf2 
Ke2 48.Bc5 Rf5 49.Bf2 Re4 50.c5 g3 51.hxg3 fxg3 52.Re1+ Kd3 53.Bxg3 Rg4 
54.Rd1+ Kc2 55.Rc1+ 0-1

[Event "European zonal 2"]
[Site "Helsinki FIN"]
[Date "1972.??.??"]
[Round "13"]
[White "Jakobsen, Ole"]
[Black "Matanovic, Aleksandar"]
[Result "1/2-1/2"]
[WhiteElo "2310"]
[BlackElo "2515"]
[EventDate "1972.07.25"]
[PlyCount "83"]

1.Nf3 Nf6 2.c4 e6 3.g3 b6 4.Bg2 Bb7 5.O-O Be7 6.Nc3 O-O 7.d3 c5 8.e4 d6 9.
Ne1 Nc6 10.f4 Nd7 11.Nc2 Bf6 12.Bd2 a6 13.Rb1 Qc7 14.a3 Nd4 15.Ne3 b5 16.
Ng4 Be7 17.b3 Rab8 18.Ne2 bxc4 19.Nxd4 cxd4 20.bxc4 Bc6 21.Qe2 Nc5 22.f5 
exf5 23.exf5 Bxg2 24.Kxg2 Qc6+ 25.Kg1 Rxb1 26.Rxb1 Re8 27.Re1 Kf8 28.Bf4 
Nb7 29.h4 Bd8 30.Qxe8+ Qxe8 31.Rxe8+ Kxe8 32.Kf1 Kd7 33.Ke2 g6 34.Nh6 Bf6 
35.fxg6 fxg6 36.Ng4 Bg7 37.Nf2 Nc5 38.g4 h5 39.gxh5 gxh5 40.Ne4 Nxe4 41.
dxe4 Bf6 42.Bg3 1/2-1/2

[Event "European zonal 2"]
[Site "Helsinki FIN"]
[Date "1972.??.??"]
[Round "13"]
[White "Ogaard, Leif"]
[Black "Matulovic, Milan"]
[Result "1/2-1/2"]
[WhiteElo "2340"]
[BlackElo "2525"]
[EventDate "1972.07.25"]
[PlyCount "113"]

1.c4 g6 2.d4 Bg7 3.Nc3 c5 4.d5 d6 5.e4 Nf6 6.Nf3 O-O 7.Be2 e6 8.O-O exd5 
9.cxd5 Re8 10.Nd2 Na6 11.f3 Nc7 12.Kh1 a6 13.a4 Rb8 14.a5 Bd7 15.Nc4 Nb5 
16.Nxb5 Bxb5 17.Bg5 h6 18.Bd2 Qe7 19.Bc3 Nh5 20.Qd2 f5 21.Rae1 fxe4 22.
fxe4 Bxc4 23.Bxc4 Qh4 24.Qd3 Be5 25.Bxe5 Rxe5 26.Qf3 Rbe8 27.Bd3 Rf5 28.
exf5 Rxe1 29.fxg6 Rxf1+ 30.Bxf1 Qf6 31.Qxf6 Nxf6 32.Bd3 Kg7 33.Kg1 Nxd5 
34.Be4 Ne3 35.b3 d5 36.Bf3 c4 37.bxc4 Nxc4 38.Bxd5 Nxa5 39.Be4 b5 40.Kf2 
Nc4 41.Ke2 a5 42.Kd1 a4 43.Kc1 a3 44.Bb1 b4 45.Ba2 Na5 46.Bf7 b3 47.Kb1 b2
48.g4 Nb7 49.h4 Nd6 50.Ba2 Ne4 51.Kc2 Kxg6 52.Kd3 Nf2+ 53.Kc3 Nxg4 54.Kb4 
Ne3 55.Kxa3 Nd1 56.Kb3 Kh5 57.Kc2 1/2-1/2

[Event "European zonal 2"]
[Site "Helsinki FIN"]
[Date "1972.??.??"]
[Round "13"]
[White "Robatsch, Karl"]
[Black "Ribli, Zoltan"]
[Result "0-1"]
[WhiteElo "2460"]
[BlackElo "2505"]
[EventDate "1972.07.25"]
[PlyCount "56"]

1.e4 c5 2.Nf3 d6 3.d4 cxd4 4.Nxd4 Nf6 5.Nc3 a6 6.Be2 e5 7.Nb3 Be6 8.f4 Qc7
9.f5 Bc4 10.Bf3 Nbd7 11.Nd2 Rc8 12.Nxc4 Qxc4 13.Qe2 Qc6 14.Bd2 b5 15.a3 
Be7 16.g4 Nb6 17.g5 Nfd7 18.b3 Bxg5 19.Bxg5 Qxc3+ 20.Kf2 Qxc2 21.Rhd1 f6 
22.Bd2 Qxb3 23.Bh5+ Ke7 24.Bb4 Rc2 25.Bxd6+ Kd8 26.Rd2 Rxd2 27.Qxd2 Nc4 
28.Qb4 Qe3+ 0-1

[Event "European zonal 2"]
[Site "Helsinki FIN"]
[Date "1972.??.??"]
[Round "13"]
[White "Schmidt, Wlodzimierz"]
[Black "Timman, Jan"]
[Result "1/2-1/2"]
[WhiteElo "2450"]
[BlackElo "2325"]
[EventDate "1972.07.25"]
[PlyCount "44"]

1.c4 g6 2.Nf3 Bg7 3.d4 Nf6 4.g3 c5 5.Bg2 cxd4 6.Nxd4 Nc6 7.Nc3 O-O 8.O-O 
Nxd4 9.Qxd4 d6 10.Qd3 Bf5 11.e4 Be6 12.Bd2 Nd7 13.b3 a5 14.Rac1 Nc5 15.Qe2
Bd7 16.Rfd1 Bc6 17.Be3 b6 18.e5 Bxg2 19.exd6 Bxc3 20.Bxc5 exd6 21.Kxg2 
bxc5 22.Rxc3 a4 1/2-1/2

[Event "European zonal 2"]
[Site "Helsinki FIN"]
[Date "1972.??.??"]
[Round "13"]
[White "Torvaldsson, Jonas"]
[Black "Radulov, Ivan"]
[Result "0-1"]
[WhiteElo "2390"]
[BlackElo "2490"]
[EventDate "1972.07.25"]
[PlyCount "64"]

1.c4 Nf6 2.Nf3 e6 3.g3 d5 4.Bg2 c6 5.b3 Be7 6.Bb2 O-O 7.O-O Nbd7 8.d3 b5 
9.Nbd2 a5 10.a4 Ba6 11.Qc2 Qb6 12.e4 bxc4 13.bxc4 Rab8 14.Rab1 Bb4 15.e5 
Ne8 16.Rfc1 f6 17.Bh3 Nxe5 18.Nxe5 fxe5 19.c5 Qc7 20.Bxe6+ Kh8 21.Re1 Qe7 
22.Rxe5 Qxc5 23.Nc4 Nf6 24.Qe2 Bxc4 25.dxc4 Bc3 26.Bxc3 Rxb1+ 27.Kg2 Rb3 
28.Re3 Ne4 29.Bxg7+ Kxg7 30.Qg4+ Kh8 31.Rxb3 Qxf2+ 32.Kh3 Qf6 0-1

[Event "European zonal 2"]
[Site "Helsinki FIN"]
[Date "1972.??.??"]
[Round "13"]
[White "Westerinen, Heikki"]
[Black "Saren, Ilkka"]
[Result "0-1"]
[WhiteElo "2450"]
[BlackElo "2200"]
[EventDate "1972.07.25"]
[PlyCount "86"]

1.e4 e5 2.Nf3 Nc6 3.Bb5 a6 4.Ba4 Nf6 5.Nc3 b5 6.Bb3 Be7 7.O-O d6 8.Nd5 Na5
9.Nxe7 Qxe7 10.d4 Nxb3 11.axb3 O-O 12.Bg5 Bb7 13.Re1 h6 14.Bh4 Qe6 15.Qd3 
Bxe4 16.Rxe4 Nxe4 17.Qxe4 f5 18.Qc6 e4 19.Nd2 g5 20.Bg3 f4 21.Nxe4 fxg3 
22.hxg3 Rae8 23.Nd2 Qe2 24.Qd5+ Kg7 25.Nf3 g4 26.Nh4 Qxf2+ 27.Kh2 Re3 28.
Qh5 Qxg3+ 29.Kh1 Re1+ 30.Rxe1 Qxe1+ 31.Kh2 Rf1 32.Qxg4+ Kf6 33.Qg6+ Ke7 
34.Nf5+ Kd7 35.Qf7+ Kc6 36.Ne7+ Kb7 37.Qd5+ Ka7 38.Nc6+ Kb6 39.Kh3 Rh1+ 
40.Kg4 Qh4+ 41.Kf3 Rf1+ 42.Ke3 Qf4+ 43.Kd3 Rd1+ 0-1

[Event "European zonal 2"]
[Site "Helsinki FIN"]
[Date "1972.??.??"]
[Round "14"]
[White "Gheorghiu, Florin"]
[Black "Andersson, Ulf"]
[Result "1/2-1/2"]
[WhiteElo "2520"]
[BlackElo "2510"]
[EventDate "1972.07.25"]
[PlyCount "144"]

1.c4 c6 2.d4 d5 3.Nf3 Nf6 4.e3 g6 5.Nc3 Bg7 6.Be2 O-O 7.O-O Bg4 8.cxd5 
Nxd5 9.h3 Bxf3 10.Bxf3 Nb6 11.Qb3 a5 12.Rd1 a4 13.Qc2 N8d7 14.Bd2 Re8 15.
Rac1 a3 16.b4 Rc8 17.Qb3 e5 18.d5 c5 19.d6 Re6 20.Bxb7 Rb8 21.Bf3 Rxd6 22.
Ne4 c4 23.Qc2 Re6 24.Nc5 Re7 25.Bc6 Rc8 26.Bxd7 Nxd7 27.Qxc4 Bf8 28.Be1 
Qe8 29.Nxd7 Rxd7 30.Qb3 Rxd1 31.Rxd1 Qb5 32.Qxa3 Qe2 33.Rc1 Rxc1 34.Qxc1 
Qxa2 35.Bc3 Qc4 36.Qb2 Qb5 37.e4 h5 38.Bxe5 Qxb4 39.Qxb4 Bxb4 40.Kf1 Kf8 
41.Bf6 Bd6 42.Ke2 Ke8 43.Kf3 Kd7 44.g4 Ke6 45.Bd4 hxg4+ 46.Kxg4 Be7 47.f3 
Bd8 48.Bf2 Be7 49.Bh4 f6 50.Be1 Ke5 51.Bc3+ Ke6 52.Bd4 Bd8 53.Ba1 Be7 54.
Bb2 Bd8 55.Bc3 Be7 56.Ba5 Ke5 57.Bc7+ Ke6 58.Kf4 Kd7 59.Bb8 Ke6 60.h4 Bb4 
61.Ba7 Bd6+ 62.Kg4 Be7 63.Be3 Ke5 64.Bf4+ Ke6 65.Bg3 Bd8 66.f4 f5+ 67.
exf5+ gxf5+ 68.Kh5 Kf7 69.Kh6 Be7 70.Be1 Bf6 71.h5 Be7 72.Bc3 Bd8 1/2-1/2

[Event "European zonal 2"]
[Site "Helsinki FIN"]
[Date "1972.??.??"]
[Round "14"]
[White "Hecht, Hans-Joachim"]
[Black "Torvaldsson, Jonas"]
[Result "1/2-1/2"]
[WhiteElo "2485"]
[BlackElo "2390"]
[EventDate "1972.07.25"]
[PlyCount "77"]

1.e4 Nf6 2.e5 Nd5 3.d4 d6 4.c4 Nb6 5.f4 dxe5 6.fxe5 Bf5 7.Nc3 e6 8.Nf3 Nc6
9.Be3 Be7 10.d5 Nb8 11.Bd3 Bxd3 12.Qxd3 Na6 13.O-O-O Qd7 14.Ng5 Nb4 15.Qe4
Bxg5 16.Bxg5 h6 17.Bh4 g5 18.Bf2 O-O-O 19.a3 exd5 20.cxd5 N4xd5 21.Bxb6 
Nxc3 22.bxc3 Qe7 23.Bd4 Qxa3+ 24.Kd2 c5 25.Ke2 cxd4 26.cxd4 Kb8 27.Rd3 
Qa2+ 28.Rd2 Qc4+ 29.Kf2 Rd7 30.Rhd1 Rhd8 31.Ke3 Rd5 32.Rd3 a5 33.Rf1 Rxd4 
34.Rxd4 Rxd4 35.Qxd4 Qxf1 36.Qd8+ Ka7 37.Qxa5+ Qa6 38.Qd5 Qe6 39.Qa5+ 
1/2-1/2

[Event "European zonal 2"]
[Site "Helsinki FIN"]
[Date "1972.??.??"]
[Round "14"]
[White "Matanovic, Aleksandar"]
[Black "Ogaard, Leif"]
[Result "1/2-1/2"]
[WhiteElo "2515"]
[BlackElo "2340"]
[EventDate "1972.07.25"]
[PlyCount "94"]

1.e4 Nf6 2.e5 Nd5 3.d4 d6 4.Nf3 g6 5.Bc4 c6 6.O-O Bg7 7.exd6 Qxd6 8.Nbd2 
Bf5 9.Re1 O-O 10.c3 Nd7 11.Nh4 b5 12.Nxf5 gxf5 13.Bd3 e6 14.Nf3 Nf4 15.Bf1
Nb6 16.Ne5 Ng6 17.Qh5 Nd5 18.Qe2 b4 19.Bd2 bxc3 20.bxc3 Rab8 21.g3 Nxe5 
22.dxe5 Qc5 23.c4 Ne7 24.Bc3 Rfd8 25.Rad1 Ng6 26.Rxd8+ Rxd8 27.Kg2 Qa3 28.
Qc2 Bf8 29.Rb1 Qc5 30.f4 Qe3 31.Re1 Qb6 32.Rd1 Bc5 33.Rxd8+ Qxd8 34.Qd3 
Qb6 35.Be2 Bg1 36.Be1 Bd4 37.Qb3 Qc7 38.Bf3 Bc5 39.h4 Ne7 40.h5 Kg7 41.Qd3
Qb7 42.g4 fxg4 43.Bxg4 Qb2+ 44.Qd2 Qb1 45.Bh4 Nf5 46.Bf6+ Kh6 47.Bg5+ Kg7 
1/2-1/2

[Event "European zonal 2"]
[Site "Helsinki FIN"]
[Date "1972.??.??"]
[Round "14"]
[White "Matulovic, Milan"]
[Black "Robatsch, Karl"]
[Result "1-0"]
[WhiteElo "2525"]
[BlackElo "2460"]
[EventDate "1972.07.25"]
[PlyCount "115"]

1.e4 c5 2.Nf3 d6 3.d4 cxd4 4.Nxd4 Nf6 5.Nc3 Nc6 6.Bg5 Bd7 7.Qd2 Rc8 8.
O-O-O h6 9.Bxf6 gxf6 10.f4 Nxd4 11.Qxd4 Qa5 12.Kb1 Qc5 13.Qd2 f5 14.exf5 
Bxf5 15.Bb5+ Kd8 16.Bd3 Bxd3 17.Qxd3 Bg7 18.Ne4 Qc4 19.Rhe1 Qxd3 20.Rxd3 
Kd7 21.Rb3 Rb8 22.g4 Rhc8 23.Rbe3 Rc6 24.c3 d5 25.Nf2 e6 26.Nd3 Re8 27.f5 
Rc4 28.h3 Kd6 29.fxe6 fxe6 30.Rf3 Rf8 31.Rfe3 Re8 32.Rf3 Rf8 33.Rxf8 Bxf8 
34.Kc2 Re4 35.Rxe4 dxe4 36.Nf4 Be7 37.Ng6 Bf6 38.Kd2 Bg5+ 39.Ke2 Bc1 40.b3
Bb2 41.Ke3 Bxc3 42.Kxe4 Kc5 43.Ne5 Kb4 44.h4 Bd2 45.h5 b5 46.Nf7 Ka3 47.g5
hxg5 48.h6 Bc3 49.Ne5 Kxa2 50.h7 Kxb3 51.h8=Q a5 52.Qe8 Ka4 53.Nd3 g4 54.
Qxe6 Ka3 55.Nc1 a4 56.Kd3 Kb4 57.Na2+ Kc5 58.Nxc3 1-0

[Event "European zonal 2"]
[Site "Helsinki FIN"]
[Date "1972.??.??"]
[Round "14"]
[White "Ribli, Zoltan"]
[Black "Hennings, Artur"]
[Result "1-0"]
[WhiteElo "2505"]
[BlackElo "2475"]
[EventDate "1972.07.25"]
[PlyCount "55"]

1.e4 e5 2.Nf3 Nc6 3.Bb5 a6 4.Ba4 Nf6 5.d4 exd4 6.O-O Be7 7.Re1 O-O 8.e5 
Ne8 9.Bf4 b5 10.Bb3 d5 11.c3 Bg4 12.h3 Bh5 13.g4 Bg6 14.cxd4 Nb4 15.Bg3 c5
16.dxc5 Nc7 17.Nc3 Nd3 18.Re2 d4 19.Ne4 Nxb2 20.Qxd4 Qxd4 21.Nxd4 Bxe4 22.
Rxe4 Bxc5 23.Rc1 Bxd4 24.Rxc7 Ba7 25.e6 Nc4 26.exf7+ Rxf7 27.Rexc4 bxc4 
28.Bxc4 1-0

[Event "European zonal 2"]
[Site "Helsinki FIN"]
[Date "1972.??.??"]
[Round "14"]
[White "Saren, Ilkka"]
[Black "Radulov, Ivan"]
[Result "1/2-1/2"]
[WhiteElo "2200"]
[BlackElo "2490"]
[EventDate "1972.07.25"]
[PlyCount "30"]

1.e4 c5 2.Nf3 Nc6 3.d4 cxd4 4.Nxd4 Nf6 5.Nc3 d6 6.Bc4 Qb6 7.Nb3 e6 8.O-O 
Be7 9.Be3 Qc7 10.f4 a6 11.Bd3 b5 12.Qf3 Bb7 13.Qh3 Nb4 14.a3 Nxd3 15.cxd3 
O-O 1/2-1/2

[Event "European zonal 2"]
[Site "Helsinki FIN"]
[Date "1972.??.??"]
[Round "14"]
[White "Westerinen, Heikki"]
[Black "Schmidt, Wlodzimierz"]
[Result "1/2-1/2"]
[WhiteElo "2450"]
[BlackElo "2450"]
[EventDate "1972.07.25"]
[PlyCount "38"]

1.e4 c5 2.Nf3 e6 3.b3 d6 4.Bb2 Nf6 5.e5 dxe5 6.Nxe5 Nbd7 7.Nxd7 Bxd7 8.Be2
Bc6 9.O-O Be7 10.Na3 O-O 11.Nc4 Nd7 12.Bf3 Qc7 13.Re1 Bf6 14.Bxf6 Nxf6 15.
Ne5 Bxf3 16.Qxf3 Rad8 17.Re2 Rd4 18.Rae1 Rfd8 19.d3 Nd5 1/2-1/2

[Event "European zonal 2"]
[Site "Helsinki FIN"]
[Date "1972.??.??"]
[Round "15"]
[White "Andersson, Ulf"]
[Black "Ribli, Zoltan"]
[Result "1/2-1/2"]
[WhiteElo "2510"]
[BlackElo "2505"]
[EventDate "1972.07.25"]
[PlyCount "101"]

1.Nf3 Nf6 2.c4 g6 3.Nc3 Bg7 4.e4 d6 5.d4 O-O 6.Be2 e5 7.d5 Nbd7 8.O-O Nc5 
9.Qc2 a5 10.Bg5 h6 11.Be3 Ng4 12.Bxc5 dxc5 13.h3 Nf6 14.Nxe5 Nxd5 15.cxd5 
Bxe5 16.f4 Bd4+ 17.Kh2 c6 18.Rad1 Qh4 19.e5 Bf2 20.Ne4 Bf5 21.Bg4 Bg3+ 22.
Kg1 Bxg4 23.Nf6+ Kg7 24.Nxg4 cxd5 25.Qxc5 Rac8 26.Qe3 Rc4 27.Rd3 h5 28.
Qxg3 Qxg3 29.Rxg3 hxg4 30.hxg4 g5 31.Rd3 gxf4 32.Rxd5 b6 33.Rfd1 Re8 34.
Rb5 Re4 35.Kf2 R8xe5 36.Rxb6 Re2+ 37.Kf3 Rc2 38.Kxf4 Ree2 39.Rd3 Rxb2 40.
Rxb2 Rxb2 41.Ra3 Rb4+ 42.Kf3 a4 43.Re3 Rb2 44.a3 Kg6 45.Kf4 f6 46.Re4 Rxg2
47.Rxa4 Re2 48.Rb4 Re1 49.a4 Re2 50.Kf3 Re1 51.Re4 1/2-1/2

[Event "European zonal 2"]
[Site "Helsinki FIN"]
[Date "1972.??.??"]
[Round "15"]
[White "Hennings, Artur"]
[Black "Matulovic, Milan"]
[Result "1/2-1/2"]
[WhiteElo "2475"]
[BlackElo "2525"]
[EventDate "1972.07.25"]
[PlyCount "136"]

1.e4 c5 2.Nf3 e6 3.Nc3 Nc6 4.d4 cxd4 5.Nxd4 Qc7 6.Be2 a6 7.O-O Nf6 8.Be3 
Bb4 9.Na4 O-O 10.Nxc6 bxc6 11.Nb6 Rb8 12.Nxc8 Qxc8 13.Ba7 Ra8 14.Bd4 Nxe4 
15.Bd3 f5 16.Bxe4 fxe4 17.Bxg7 Kxg7 18.Qd4+ Kg8 19.Qxb4 d5 20.Qd6 Ra7 21.
Rae1 Rg7 22.Re3 Qd7 23.Qxd7 Rxd7 24.f3 Rb7 25.b3 Rbf7 26.Rc3 exf3 27.gxf3 
Rc7 28.Re1 Rf6 29.Kf2 Rh6 30.h3 Kf7 31.f4 c5 32.Rf3 Kf6 33.Rg1 Rg6 34.Rg4 
a5 35.a3 c4 36.Rc3 a4 37.Ke3 e5 38.Kf3 e4+ 39.Ke3 Kf5 40.bxc4 dxc4 41.Rg5+
Rxg5 42.fxg5 Rc6 43.h4 Rc8 44.Ke2 Kg4 45.Re3 Re8 46.Rc3 Rc8 47.Re3 Kxh4 
48.Rxe4+ Kxg5 49.Re5+ Kf4 50.Ra5 Rg8 51.Kd2 Ke4 52.Kc3 Rg3+ 53.Kb4 Rg2 54.
c3 Kd3 55.Rd5+ Kc2 56.Rh5 Rg8 57.Rh2+ Kd3 58.Rh3+ Kc2 59.Kxc4 Kb2 60.Kb4 
Rb8+ 61.Kxa4 Ra8+ 62.Kb4 Rb8+ 63.Kc4 Rc8+ 64.Kb5 Rb8+ 65.Kc5 Rc8+ 66.Kb6 
Kxa3 67.Kb5 Rb8+ 68.Kc5 Rc8+ 1/2-1/2

[Event "European zonal 2"]
[Site "Helsinki FIN"]
[Date "1972.??.??"]
[Round "15"]
[White "Jakobsen, Ole"]
[Black "Westerinen, Heikki"]
[Result "1-0"]
[WhiteElo "2310"]
[BlackElo "2450"]
[EventDate "1972.07.25"]
[PlyCount "77"]

1.Nf3 g6 2.c4 Bg7 3.g3 e5 4.Nc3 d6 5.Bg2 Nh6 6.d4 Nd7 7.e4 O-O 8.O-O f6 9.
h3 Nf7 10.Be3 Ng5 11.Nxg5 fxg5 12.d5 h6 13.b4 a5 14.a3 axb4 15.axb4 Rxa1 
16.Qxa1 Nf6 17.f3 Rf7 18.Qa8 Rf8 19.c5 Qe7 20.Qa5 Ne8 21.Nb5 Rf7 22.Qa8 
Bd7 23.Nxc7 Kh7 24.Nxe8 Bxe8 25.c6 bxc6 26.dxc6 Qe6 27.b5 Rf8 28.Qa4 d5 
29.Qb3 Bf7 30.exd5 Qd6 31.Rd1 e4 32.Bf2 Ra8 33.fxe4 Ra3 34.Qc2 Rc3 35.Qd2 
Be5 36.Rc1 Rxc1+ 37.Qxc1 Bxg3 38.Bxg3 Qxg3 39.c7 1-0

[Event "European zonal 2"]
[Site "Helsinki FIN"]
[Date "1972.??.??"]
[Round "15"]
[White "Ogaard, Leif"]
[Black "Timman, Jan"]
[Result "1-0"]
[WhiteElo "2340"]
[BlackElo "2325"]
[EventDate "1972.07.25"]
[PlyCount "97"]

1.d4 Nf6 2.c4 g6 3.Nc3 d5 4.Bg5 Ne4 5.Bh4 c5 6.e3 Bg7 7.cxd5 Nxc3 8.bxc3 
Qxd5 9.Be2 cxd4 10.exd4 Qa5 11.Qd2 e5 12.Nf3 Nc6 13.dxe5 Nxe5 14.O-O O-O 
15.Nd4 Bd7 16.Rab1 Qd5 17.f4 Bc6 18.Rf2 Nc4 19.Qd3 Bxd4 20.cxd4 Nd6 21.Bf3
Ne4 22.Rc2 Rfe8 23.Bf6 Rac8 24.Be5 f5 25.h3 Ba4 26.Rxc8 Rxc8 27.Qa3 Qd7 
28.d5 Nd2 29.Re1 Bc2 30.Ba1 Qb5 31.Kh1 Re8 32.Rc1 Qd3 33.Qb2 Re7 34.d6 
Qxd6 35.Qxc2 Nxf3 36.gxf3 Qxf4 37.Qc3 Qh4 38.Qh8+ Kf7 39.Qg7+ Ke6 40.Qg8+ 
Rf7 41.Qc8+ Rd7 42.Kg2 Ke7 43.Rc2 Qg5+ 44.Kf1 Rd1+ 45.Ke2 Rd7 46.Bd4 Qg2+ 
47.Bf2 Qh2 48.Rc3 f4 49.Rc7 1-0

[Event "European zonal 2"]
[Site "Helsinki FIN"]
[Date "1972.??.??"]
[Round "15"]
[White "Radulov, Ivan"]
[Black "Hecht, Hans-Joachim"]
[Result "1/2-1/2"]
[WhiteElo "2490"]
[BlackElo "2485"]
[EventDate "1972.07.25"]
[PlyCount "87"]

1.e4 Nf6 2.Nc3 d5 3.e5 Nfd7 4.d4 e6 5.f4 c5 6.Nf3 Nc6 7.Be3 cxd4 8.Nxd4 
Nc5 9.Qd2 Bd7 10.Be2 Be7 11.O-O O-O 12.Bf3 Rc8 13.Rad1 Kh8 14.Qf2 Qa5 15.
a3 Nxd4 16.Bxd4 Na4 17.Nxa4 Qxa4 18.c3 a5 19.f5 b5 20.Be2 exf5 21.Bd3 Be6 
22.b4 axb4 23.axb4 Qa6 24.Ra1 Qc6 25.Ra7 Bd8 26.Bxf5 Rc7 27.Bxe6 Qxe6 28.
Qf5 Qxf5 29.Rxf5 Rxa7 30.Bxa7 Kg8 31.Rf1 Bc7 32.Rd1 Rd8 33.Bd4 Ra8 34.Kf2 
h5 35.Kf3 Kh7 36.Bc5 Bxe5 37.Rxd5 Bxc3 38.Be3 Ra3 39.Ke2 Ra2+ 40.Kf3 Ra3 
41.Ke2 Ra2+ 42.Kf3 g6 43.Rxb5 Rb2 44.Rb7 1/2-1/2

[Event "European zonal 2"]
[Site "Helsinki FIN"]
[Date "1972.??.??"]
[Round "15"]
[White "Robatsch, Karl"]
[Black "Matanovic, Aleksandar"]
[Result "1/2-1/2"]
[WhiteElo "2460"]
[BlackElo "2515"]
[EventDate "1972.07.25"]
[PlyCount "43"]

1.e4 e5 2.Nc3 Nc6 3.Nf3 Nf6 4.Bb5 Bb4 5.O-O O-O 6.d3 Bxc3 7.bxc3 d6 8.Bxc6
bxc6 9.Rb1 c5 10.c4 h6 11.Ne1 Be6 12.Bd2 Nd7 13.f4 exf4 14.Rxf4 f5 15.exf5
Rxf5 16.Rxf5 Bxf5 17.Nf3 Rb8 18.h3 Rxb1 19.Qxb1 Qb8 20.Qxb8+ Nxb8 21.Kf2 
Nc6 22.a3 1/2-1/2

[Event "European zonal 2"]
[Site "Helsinki FIN"]
[Date "1972.??.??"]
[Round "15"]
[White "Schmidt, Wlodzimierz"]
[Black "Saren, Ilkka"]
[Result "1/2-1/2"]
[WhiteElo "2450"]
[BlackElo "2200"]
[EventDate "1972.07.25"]
[PlyCount "80"]

1.c4 Nf6 2.Nf3 e6 3.g3 b6 4.Bg2 Bb7 5.O-O Be7 6.Nc3 O-O 7.d3 d5 8.cxd5 
Nxd5 9.Nxd5 Bxd5 10.Bd2 c5 11.Bc3 Nd7 12.Re1 Bf6 13.a4 Qc7 14.Qd2 Rfd8 15.
Rec1 Rac8 16.b4 Bxc3 17.Rxc3 Qb8 18.b5 Ne5 19.Nxe5 Qxe5 20.Rac1 Bxg2 21.
Kxg2 Rd7 22.Rc4 Rcd8 23.a5 h6 24.Qa2 Rb8 25.Kg1 Kh7 26.axb6 axb6 27.Ra4 
Qd6 28.Qc2 Kg8 29.Rca1 Rdb7 30.h4 Qd7 31.Qb2 Qd6 32.Rg4 f5 33.Rga4 Kh7 34.
Kh2 Kg8 35.f3 Kh7 36.Kg2 Rf8 37.Ra7 Rfb8 38.R1a4 Qd7 39.Rxb7 Rxb7 40.Qb3 
Rb8 1/2-1/2